| 000 | 00766nam a2200241 a 4500 | ||
|---|---|---|---|
| 005 | 20240911064319.0 | ||
| 008 | 991125s19962006mx 000 0 spa u | ||
| 020 | _a9682320429 | ||
| 035 | _aUPN01000007778 | ||
| 049 | _aCG | ||
| 050 | 4 |
_aQ175 _bCH328 1996 |
|
| 100 | 1 | _aChalmers, Alan | |
| 245 | 1 | 3 |
_aLa ciencia y cómo se elabora / _cAlan Chalmers ; tr. Eulalia Perez Sedeño. |
| 260 |
_aMéxico : _bSiglo XXI, _c1996. (2006 impr.). |
||
| 300 | _ax, 181 p. | ||
| 440 | 0 | _aTeoría | |
| 534 |
_pTítulo original: _tscience and its fabrication |
||
| 590 | _a(También localizas un ejemplar en el "Area de Reserva") | ||
| 590 | _aBibliografía Básica (BGTQ) | ||
| 650 | 4 |
_aCiencia _xFilosofía _94696 |
|
| 650 | 4 |
_aCiencia _xMetodología _95804 |
|
| 905 | _aLibro | ||
| 999 |
_c7778 _d7778 |
||